000 00467cam a22001457a 4500
008 180718b1983 xxu||||| |||| 00| 0 eng d
082 _aB264 B146
100 _aBagchi, Amiya Kumar
245 _aTowards a correct reading of Lenin's theory of imperialism
_cby Amiya Kumar Bagchi
260 _aCalcutta
_bCentre for Studies in Social Sciences
_c1983
300 _a34p.
440 _aOccasional Paper no., 54
650 _aLenin, V.I. 1970-1924
650 _aImperialism
999 _c476271
_d476271